R (on the application of Curzon Berkeley Ltd) v Bliss (VO) (Record no. 70219)
[ view plain ]
| 000 -LEADER | |
|---|---|
| fixed length control field | 01263cam a2200193 4500 |
| 001 - CONTROL NUMBER | |
| control field | ABS65445 |
| 008 - FIXED-LENGTH DATA ELEMENTS--GENERAL INFORMATION | |
| fixed length control field | 020508n2002 000 0 eng u |
| 035 ## - SYSTEM CONTROL NUMBER | |
| System control number | (Sirsi) u117898 |
| 245 ## - TITLE STATEMENT | |
| Title | R (on the application of Curzon Berkeley Ltd) v Bliss (VO) |
| 260 ## - PUBLICATION, DISTRIBUTION, ETC. | |
| Date of publication, distribution, etc. | 2002 |
| 490 ## - SERIES STATEMENT | |
| Series statement | Rating Appeals |
| Volume/sequential designation | [2002] RA 45-62(10) |
| 520 ## - SUMMARY, ETC. | |
| Summary, etc. | QBD 19 December 2001. Application for judicial review by ratepayer (R) to quash alterations made by the valuation officer (VO) in the rating list from domestic to non-domestic on self-contained serviced apartments at 39 Hill Street and 56 Curzon Street. R challenged the alterations on the grounds that firstly the VO had failed to clarify which parts of the building remained under the council tax regime and which were subject to non-domestic rates, and secondly with respect to 39 Hill Street R claimed that as freeholder he was not the relevant person defined in the Local Government Financt Act 1988. The first challenge was rejected but second challenge allowed, quashing the alterations on 39 Hill Street. |
| 590 ## - LOCAL NOTE (RLIN) | |
| Local note | ABS |
| 650 ## - SUBJECT ADDED ENTRY--TOPICAL TERM | |
| Topical term or geographic name entry element | HEREDITAMENTS |
| 650 ## - SUBJECT ADDED ENTRY--TOPICAL TERM | |
| Topical term or geographic name entry element | LOCAL GOVERNMENT FINANCE ACT 1988 |
| 650 ## - SUBJECT ADDED ENTRY--TOPICAL TERM | |
| Topical term or geographic name entry element | R V BLISS (VO) EX P CURZON BERKELEY LTD |
| 690 ## - LOCAL SUBJECT ADDED ENTRY--TOPICAL TERM (OCLC, RLIN) | |
| Topical term or geographic name as entry element | RATING AND LOCAL TAXATION-CASE LAW |
| 942 ## - ADDED ENTRY ELEMENTS (KOHA) | |
| Suppress in OPAC | 0 |
| Withdrawn status | Lost status | Source of classification or shelving scheme | Damaged status | Not for loan | Home library | Current library | Shelving location | Date acquired | Total Checkouts | Full call number | Barcode | Date last seen | Copy number | Price effective from | Koha item type |
|---|---|---|---|---|---|---|---|---|---|---|---|---|---|---|---|
| Dewey Decimal Classification | London | London | Journal article | 08/05/2002 | ABS65445 | 117898-1001 | 06/08/2019 | 1 | 06/08/2019 | Law report |